[Event "V Festival Terre degli Elimi A"]
[Site "Erice ITA"]
[Date "2014.07.23"]
[Round "7"]
[White "Peat, Matthew"]
[Black "Adrian, Claude"]
[WhiteElo "2056"]
[BlackElo "2236"]
[Result "1/2-1/2"]
[PlyCount "58"]
[EventDate "2014.07.19"]

1. c4 Nf6 2. g3 e6 3. Bg2 c5 4. Nf3 a6 5. Nc3 b5 6. cxb5 axb5 7. Nxb5 Bb7 8.
O-O Qb6 9. a4 d5 10. b3 Bc6 11. Bb2 Be7 12. Qc2 O-O 13. Ng5 Nbd7 14. e4 h6 15.
exd5 Bxb5 16. dxe6 hxg5 17. axb5 Rxa1 18. exf7+ Rxf7 19. Rxa1 Qxb5 20. Bf1 Qb7
21. Bc4 Nd5 22. Qe4 N7b6 23. Bd3 Kf8 24. Qh7 Bf6 25. Re1 Re7 26. Qh8+ Kf7 27.
Qh5+ Kf8 28. Qh8+ Kf7 29. Qh5+ Kf8 1/2-1/2

[Event "V Festival Terre degli Elimi A"]
[Site "Erice ITA"]
[Date "2014.07.23"]
[Round "7"]
[White "Ravagnani, Tiziano"]
[Black "Antoniacci, Riccardo"]
[WhiteElo "2006"]
[BlackElo "1877"]
[Result "1-0"]
[PlyCount "99"]
[EventDate "2014.07.19"]

1. e4 Nc6 2. d4 d5 3. Nc3 dxe4 4. d5 Ne5 5. Qd4 Ng6 6. Nxe4 e5 7. Qa4+ Bd7 8.
Qb3 f5 9. Ng5 Be7 10. Ne6 Bxe6 11. dxe6 Nf6 12. Bg5 O-O 13. Rd1 Qb8 14. Be2 a5
15. a4 Kh8 16. Nf3 Qa7 17. Bxf6 Bxf6 18. Rd7 e4 19. Nd2 b6 20. Bb5 Ne5 21. O-O
Nxd7 22. exd7 c5 23. Qe6 Bd8 24. Nc4 Bc7 25. Rd1 Rad8 26. h4 Qb8 27. h5 Rf6 28.
Qe8+ Rf8 29. Qe7 Rf6 30. h6 Rxh6 31. Qe8+ Rxe8 32. dxe8=Q+ Qxe8 33. Bxe8 g5 34.
Rd7 Bh2+ 35. Kf1 f4 36. Ke2 Re6 37. Bf7 Rf6 38. Bd5 g4 39. Bxe4 Re6 40. f3
gxf3+ 41. Kxf3 h6 42. Rh7+ Kg8 43. Bd5 Kxh7 44. Bxe6 Kg7 45. Nxb6 Kf6 46. Bh3
Ke5 47. Nc4+ Kd4 48. Nxa5 h5 49. Bd7 c4 50. c3+ 1-0

[Event "V Festival Terre degli Elimi A"]
[Site "Erice ITA"]
[Date "2014.07.23"]
[Round "7"]
[White "Senders, Mischa"]
[Black "Sieciechowicz, Marcin"]
[WhiteElo "2183"]
[BlackElo "2438"]
[Result "0-1"]
[PlyCount "62"]
[EventDate "2014.07.19"]

1. e4 c5 2. Nf3 d6 3. d4 cxd4 4. Nxd4 Nf6 5. Nc3 a6 6. g3 e6 7. Bg2 Be7 8. O-O
Bd7 9. Re1 Nc6 10. a4 O-O 11. h3 Nxd4 12. Qxd4 Bc6 13. a5 Nd7 14. Qd2 b6 15.
axb6 Nxb6 16. b3 Qc7 17. Bb2 Bf6 18. Ra5 Nc4 19. bxc4 Qxa5 20. e5 Bxe5 21. Bxc6
Rab8 22. Ba1 Rfc8 23. Be4 Rxc4 24. Bxh7+ Kh8 25. Ne4 Ra4 26. Bxe5 dxe5 27. Qe2
Kxh7 28. Qh5+ Kg8 29. Re3 Qd5 30. Qg4 Ra1+ 31. Kh2 Qd1 0-1

[Event "V Festival Terre degli Elimi A"]
[Site "Erice ITA"]
[Date "2014.07.23"]
[Round "7"]
[White "Smith, Thijmen"]
[Black "Favaloro, Andrea"]
[WhiteElo "2225"]
[BlackElo "2008"]
[Result "0-1"]
[PlyCount "96"]
[EventDate "2014.07.19"]

1. e4 c5 2. Nf3 g6 3. d4 cxd4 4. Nxd4 Nc6 5. Nc3 Bg7 6. Nb3 Nf6 7. Be2 O-O 8.
O-O d6 9. Bg5 Be6 10. Kh1 Rc8 11. f4 Na5 12. e5 Nxb3 13. axb3 dxe5 14. Qxd8
Rfxd8 15. fxe5 Nd5 16. Rxa7 Nxc3 17. bxc3 Rxc3 18. Bxe7 Rdc8 19. Bd1 Bxe5 20.
Rxb7 Bf5 21. Bb4 R3c7 22. Rxc7 Rxc7 23. c4 Be4 24. Re1 f5 25. Ba5 Ra7 26. b4
Rd7 27. Bf3 Bc3 28. Rd1 Rd2 29. c5 Bxf3 30. Rxd2 Bxd2 31. gxf3 Kf7 32. Kg2 Ke6
33. Kf2 Bf4 34. h3 Kd5 35. Ke2 h5 36. Kd3 g5 37. Bb6 Kc6 38. Kc4 g4 39. b5+ Kb7
40. fxg4 fxg4 41. hxg4 h4 42. Ba5 h3 43. c6+ Kc8 44. b6 h2 45. b7+ Kb8 46. Kb5
h1=Q 47. Bb6 Qb1+ 48. Ka6 Qa2+ 0-1

[Event "V Festival Terre degli Elimi A"]
[Site "Erice ITA"]
[Date "2014.07.23"]
[Round "7"]
[White "Valguarnera, Girolamo"]
[Black "Fabiano, Giuseppe"]
[WhiteElo "2090"]
[BlackElo "2053"]
[Result "1-0"]
[PlyCount "74"]
[EventDate "2014.07.19"]

1. e4 e6 2. d4 d5 3. Nc3 Bb4 4. e5 Nc6 5. Nge2 f6 6. exf6 Nxf6 7. a3 Bd6 8. g3
e5 9. Bg2 e4 10. Bg5 Be6 11. O-O h6 12. Bxf6 Qxf6 13. f3 e3 14. Qd3 O-O-O 15.
Qxe3 h5 16. Nb5 h4 17. Nxd6+ Rxd6 18. g4 h3 19. Bh1 Rh4 20. Rad1 Bd7 21. Ng3
Ne7 22. Qe5 Qf7 23. Rfe1 Ng6 24. Qg5 Rf6 25. Re3 Rb6 26. Rde1 Rh8 27. c3 Rf8
28. R3e2 Rf6 29. Nh5 Re6 30. Rxe6 Bxe6 31. f4 Re8 32. f5 Bd7 33. Rf1 Bb5 34.
Qxg6 Qd7 35. Qxg7 Qc6 36. f6 Qc4 37. Ng3 Qd3 1-0

[Event "V Festival Terre degli Elimi A"]
[Site "Erice ITA"]
[Date "2014.07.23"]
[Round "7"]
[White "Volkers, Annemarie"]
[Black "Savalla, Pietro"]
[WhiteElo "2019"]
[BlackElo "1894"]
[Result "1-0"]
[PlyCount "93"]
[EventDate "2014.07.19"]

1. e4 e5 2. Nf3 d6 3. Bc4 Be7 4. c3 Nf6 5. d3 O-O 6. Bb3 Nc6 7. O-O d5 8. exd5
Nxd5 9. Re1 Bf6 10. Nbd2 Nf4 11. Ne4 Nxd3 12. Nxf6+ gxf6 13. Re3 Nf4 14. Qc2
Ne7 15. Nh4 Kh8 16. Re4 Neg6 17. Nxg6+ fxg6 18. Bxf4 Bf5 19. Bh6 Re8 20. Qe2
Bxe4 21. Qxe4 c6 22. Qb4 Qc7 23. Be3 b6 24. Qh4 Qe7 25. Ba4 Rac8 26. Bc2 Qf7
27. Bb3 Qe7 28. a4 Red8 29. h3 c5 30. Bc4 Rb8 31. a5 b5 32. Bxc5 Qd7 33. Bb3 a6
34. Be3 Qe7 35. Re1 Re8 36. Kh1 Rbd8 37. Bc5 Qg7 38. Be3 Rd7 39. f4 exf4 40.
Bxf4 Rde7 41. Rxe7 Qxe7 42. Bg3 Kg7 43. Qd4 Qe2 44. Qd5 Qf1+ 45. Kh2 Re2 46.
Bd6 Re1 47. Bf8+ 1-0

[Event "V Festival Terre degli Elimi A"]
[Site "Erice ITA"]
[Date "2014.07.23"]
[Round "7"]
[White "Warakomski, Tomasz"]
[Black "Burg, Brent"]
[WhiteElo "2501"]
[BlackElo "2220"]
[Result "1-0"]
[PlyCount "91"]
[EventDate "2014.07.19"]

1. e4 d6 2. d4 Nf6 3. Nc3 Nbd7 4. f4 e5 5. Nf3 exd4 6. Qxd4 c6 7. e5 dxe5 8.
fxe5 Bc5 9. Qf4 Qe7 10. Kd1 Nd5 11. Nxd5 cxd5 12. Qg3 O-O 13. Bd3 f6 14. Qh4 g6
15. exf6 Nxf6 16. Re1 Ne4 17. Qxe7 Bxe7 18. Be3 Bg4 19. Be2 Bf6 20. c3 Rfe8 21.
Bg1 a6 22. h3 Bd7 23. Bd3 Rac8 24. Bd4 Ba4+ 25. Bc2 Bxd4 26. Nxd4 Nf2+ 27. Kd2
Ne4+ 28. Rxe4 Rxe4 29. Bxa4 Rf8 30. Bb3 Rf2+ 31. Kd3 Re5 32. Nf3 Rf5 33. Rg1
Kf7 34. Ke3 Rxb2 35. g4 Rf6 36. Bxd5+ Ke7 37. Nd2 b5 38. Ne4 Rf8 39. Re1 b4 40.
Kd4 Rf4 41. cxb4 Rxb4+ 42. Kc5 Rb5+ 43. Kc6 Kf8 44. Nd6 Rb8 45. Kc7 Rfb4 46. g5
1-0

[Event "V Festival Terre degli Elimi A"]
[Site "Erice ITA"]
[Date "2014.07.23"]
[Round "7"]
[White "Winter, Kevin"]
[Black "Iannello, Antonio"]
[WhiteElo "1825"]
[BlackElo "1933"]
[Result "1/2-1/2"]
[PlyCount "30"]
[EventDate "2014.07.19"]

1. e4 c5 2. a3 Nc6 3. b4 cxb4 4. axb4 a6 5. d4 e6 6. c3 d5 7. e5 f6 8. b5 Nce7
9. Nf3 fxe5 10. Nxe5 Nf6 11. Bd3 g6 12. Qe2 a5 13. Nd2 Bg7 14. Ba3 O-O 15. O-O
Re8 1/2-1/2

[Event "V Festival Terre degli Elimi A"]
[Site "Erice ITA"]
[Date "2014.07.24"]
[Round "8"]
[White "Adrian, Claude"]
[Black "Volkers, Annemarie"]
[WhiteElo "2236"]
[BlackElo "2019"]
[Result "1-0"]
[PlyCount "79"]
[EventDate "2014.07.19"]

1. c4 e5 2. g3 Nf6 3. Bg2 Nc6 4. Nc3 g6 5. e3 Bg7 6. Nge2 d6 7. O-O Be6 8. d4
exd4 9. Nxd4 Nxd4 10. exd4 O-O 11. b3 d5 12. c5 Bg4 13. Qd3 Qd7 14. Bf4 c6 15.
Rae1 Rfe8 16. Be5 Bh3 17. f3 Bxg2 18. Kxg2 Nh5 19. b4 Bxe5 20. dxe5 a5 21. b5
Ng7 22. Ne4 Nh5 23. Nd6 Red8 24. f4 Ng7 25. f5 Nxf5 26. Nxf5 gxf5 27. Rxf5 Qe6
28. Rf6 Qg4 29. Rf4 Qg6 30. Qd4 Qc2+ 31. Kh1 Qc4 32. Qe3 d4 33. Rg4+ Kf8 34.
Qh6+ Ke7 35. Qf6+ Kd7 36. bxc6+ Kc7 37. cxb7 Qd5+ 38. Kg1 Qxb7 39. Qxf7+ Rd7
40. Qf4 1-0

[Event "V Festival Terre degli Elimi A"]
[Site "Erice ITA"]
[Date "2014.07.24"]
[Round "8"]
[White "Bertino, Giacomo"]
[Black "Mollema, Thomas"]
[WhiteElo "1918"]
[BlackElo "2076"]
[Result "0-1"]
[PlyCount "68"]
[EventDate "2014.07.19"]

1. e4 e5 2. d4 exd4 3. c3 d3 4. Bxd3 Nc6 5. Nf3 d6 6. h3 Nge7 7. Qb3 Ng6 8. O-O
Be7 9. Be3 O-O 10. Nbd2 a6 11. a4 Be6 12. Qc2 Bf6 13. Nd4 Bxd4 14. cxd4 Nb4 15.
Qc3 Nxd3 16. Qxd3 f5 17. f4 Kh8 18. Rac1 c6 19. Qc3 fxe4 20. Nxe4 Bd5 21. Ng5
h6 22. Qc2 Qe8 23. Rce1 hxg5 24. f5 Be4 25. Qe2 Rxf5 26. Qh5+ Kg8 27. Rxf5 Bxf5
28. Qxg5 Be4 29. d5 Qe5 30. Qg4 Qf5 31. Qg3 Qxd5 32. h4 Rf8 33. Bg5 Ne5 34. h5
Bxg2 0-1

[Event "V Festival Terre degli Elimi A"]
[Site "Erice ITA"]
[Date "2014.07.24"]
[Round "8"]
[White "Bezemer, Arno"]
[Black "Maiorov, Nikita"]
[WhiteElo "2287"]
[BlackElo "2531"]
[Result "0-1"]
[PlyCount "106"]
[EventDate "2014.07.19"]

1. d4 Nf6 2. c4 e6 3. Nc3 Bb4 4. e3 O-O 5. Bd3 d5 6. Nf3 c5 7. O-O dxc4 8. Bxc4
b6 9. a3 Bxc3 10. bxc3 Qc7 11. Qe2 Bb7 12. Bd3 Be4 13. Bxe4 Nxe4 14. Qd3 Qb7
15. Ne5 f6 16. Nc4 Rd8 17. a4 Ng5 18. Rd1 Nc6 19. Ba3 Qa6 20. h4 Nf7 21. Ne5
Qxd3 22. Nxd3 cxd4 23. cxd4 Na5 24. Rac1 Rdc8 25. Kf1 Nc4 26. Bc5 Na5 27. Ba3
e5 28. dxe5 fxe5 29. Nb4 Rc4 30. Rxc4 Nxc4 31. Bc1 Rd8 32. Rxd8+ Nxd8 33. e4
Ne6 34. Nd3 Kf7 35. g3 Nd4 36. f4 Nb3 37. Ke2 Nxc1+ 38. Nxc1 exf4 39. gxf4 Nb2
40. Nb3 Nxa4 41. Kd3 g6 42. Kc4 a6 43. Nd4 Nc5 44. Kd5 a5 45. e5 a4 46. Kc6 a3
47. Kxb6 a2 48. Nc2 Nb3 49. Kc7 Ke7 50. h5 gxh5 51. f5 Nd4 52. f6+ Kf7 53. Nxd4
a1=Q 0-1

[Event "V Festival Terre degli Elimi A"]
[Site "Erice ITA"]
[Date "2014.07.24"]
[Round "8"]
[White "Bifulco, Michel"]
[Black "Aranaz Portugues, Jose' Carlos"]
[WhiteElo "2084"]
[BlackElo "2096"]
[Result "1/2-1/2"]
[PlyCount "113"]
[EventDate "2014.07.19"]

1. e4 e6 2. d4 d5 3. e5 c5 4. c3 Qb6 5. Nf3 Nc6 6. a3 c4 7. Nbd2 Na5 8. Be2 Bd7
9. O-O Ne7 10. a4 Nc8 11. Qe1 Qc7 12. Bd1 Nb6 13. b3 cxb3 14. Nxb3 Nbc4 15.
Nfd2 Rc8 16. Nxc4 Nxc4 17. f4 Be7 18. Rf3 a5 19. Nd2 Qb6 20. Nxc4 Rxc4 21. Ba3
Rxd4 22. cxd4 Qxd4+ 23. Kh1 Qxa1 24. Bxe7 Kxe7 25. Rf1 b6 26. Qh4+ f6 27. Qg3
Rg8 28. Qb3 Qd4 29. Qa3+ Qb4 30. Qh3 Qc4 31. Kg1 Qd4+ 32. Kh1 h6 33. exf6+ gxf6
34. Qxh6 Qd3 35. Rg1 Qg6 36. Qh3 Rc8 37. Qb3 Rc6 38. Bf3 Qc2 39. Qa3+ Rc5 40.
Bd1 Qc3 41. Qa2 Bc6 42. Qb1 b5 43. Qh7+ Kd6 44. f5 exf5 45. axb5 Bxb5 46. Qxf5
Bd3 47. Qf4+ Qe5 48. Qd2 Be4 49. Qh6 Rc8 50. Rf1 Ke7 51. Qg7+ Ke6 52. Ba4 Rc7
53. Qg8+ Kd6 54. Qd8+ Ke6 55. Qg8+ Kd6 56. Qd8+ Ke6 57. Qg8+ 1/2-1/2

[Event "V Festival Terre degli Elimi A"]
[Site "Erice ITA"]
[Date "2014.07.24"]
[Round "8"]
[White "Bondielli, Giorgio"]
[Black "Hickman, John E."]
[WhiteElo "1820"]
[BlackElo "1977"]
[Result "0-1"]
[PlyCount "44"]
[EventDate "2014.07.19"]

1. e4 d6 2. d4 Nf6 3. Bd3 e5 4. c3 Nc6 5. Ne2 d5 6. exd5 Nxd5 7. dxe5 Nxe5 8.
Be4 Be6 9. O-O Bc5 10. Nd2 O-O 11. Nb3 Bb6 12. Ned4 Qh4 13. Bxd5 Bxd5 14. Nf5
Bxb3 15. Nxh4 Bxd1 16. Rxd1 Ng4 17. Rf1 Rfe8 18. Bf4 Re2 19. Bg3 Rxb2 20. h3
Nf6 21. Rfb1 Rxb1+ 22. Rxb1 Ne4 0-1

[Event "V Festival Terre degli Elimi A"]
[Site "Erice ITA"]
[Date "2014.07.24"]
[Round "8"]
[White "Burg, Brent"]
[Black "Marzaduri, Riccardo"]
[WhiteElo "2220"]
[BlackElo "1944"]
[Result "1/2-1/2"]
[PlyCount "52"]
[EventDate "2014.07.19"]

1. b4 d5 2. Bb2 Nf6 3. e3 e6 4. a3 a5 5. b5 c5 6. Nf3 Bd6 7. c4 O-O 8. Qc2 Re8
9. Nc3 Nbd7 10. d3 Qc7 11. Be2 b6 12. h3 Bb7 13. cxd5 exd5 14. d4 Rac8 15. Na4
c4 16. Nc3 Ne4 17. Nd2 f5 18. Ndxe4 fxe4 19. a4 Rf8 20. Ba3 Bb4 21. Qb2 Qd6 22.
O-O Rce8 23. Rfb1 Bxa3 24. Qxa3 Qc7 25. Rf1 Nf6 26. Rac1 g6 1/2-1/2

[Event "V Festival Terre degli Elimi A"]
[Site "Erice ITA"]
[Date "2014.07.24"]
[Round "8"]
[White "Burg, Twan"]
[Black "Iordachescu, Viorel"]
[WhiteElo "2508"]
[BlackElo "2593"]
[Result "1/2-1/2"]
[PlyCount "26"]
[EventDate "2014.07.19"]

1. e4 c6 2. d4 d5 3. e5 Bf5 4. Nf3 e6 5. Be2 Ne7 6. O-O c5 7. c4 Nbc6 8. dxc5
d4 9. Qb3 Ng6 10. Rd1 Bxc5 11. Be3 O-O 12. Qb5 Qc7 13. Qxc5 dxe3 1/2-1/2

[Event "V Festival Terre degli Elimi A"]
[Site "Erice ITA"]
[Date "2014.07.24"]
[Round "8"]
[White "Campo, Renato"]
[Black "Winter, Kevin"]
[WhiteElo "1992"]
[BlackElo "1825"]
[Result "1/2-1/2"]
[PlyCount "48"]
[EventDate "2014.07.19"]

1. g3 d6 2. Bg2 f5 3. d4 e6 4. Nc3 Nf6 5. e4 Be7 6. Nge2 e5 7. dxe5 dxe5 8.
exf5 Nc6 9. Nd5 Bxf5 10. O-O Nxd5 11. Bxd5 Qd7 12. a3 O-O-O 13. c4 h5 14. Qa4
Nd4 15. Qxd7+ Rxd7 16. Nxd4 exd4 17. Bf4 c6 18. Bf3 Bd6 19. Bg5 Bd3 20. Rfd1
Bxc4 21. Rxd4 Be6 22. Rad1 Bc5 23. Rxd7 Bxd7 24. b4 Bb6 1/2-1/2

[Event "V Festival Terre degli Elimi A"]
[Site "Erice ITA"]
[Date "2014.07.24"]
[Round "8"]
[White "Claesen, Pieter"]
[Black "Santagati, Alessandro"]
[WhiteElo "2340"]
[BlackElo "2216"]
[Result "1/2-1/2"]
[PlyCount "114"]
[EventDate "2014.07.19"]

1. d4 Nf6 2. Nf3 c5 3. c4 e6 4. Nc3 cxd4 5. Nxd4 d5 6. Bg5 e5 7. Nf3 d4 8. Nd5
Nc6 9. e4 Be7 10. Nxe7 Qxe7 11. Bd3 Qb4+ 12. Qd2 Qxd2+ 13. Bxd2 a5 14. c5 Nd7
15. Rc1 f6 16. O-O Nf8 17. Bc4 Be6 18. Ne1 g5 19. Nd3 Kd7 20. b3 Bxc4 21. Rxc4
Ne6 22. Nb2 Ne7 23. Rfc1 Ra6 24. f3 Rg8 25. g3 h5 26. R4c2 g4 27. f4 h4 28.
fxe5 fxe5 29. Nd3 Nc6 30. Rf1 hxg3 31. hxg3 Rf8 32. Rxf8 Nxf8 33. Nf2 Nb4 34.
Bxb4 axb4 35. Nxg4 Ke6 36. Nf2 Rc6 37. Rc4 Ra6 38. Rxb4 Rxa2 39. Rxb7 Nd7 40.
b4 Nf6 41. b5 Ra1+ 42. Kg2 Ra2 43. Rb6+ Ke7 44. Rb7+ Ke6 45. Rb6+ Ke7 46. Kf1
Ra1+ 47. Ke2 Ra2+ 48. Ke1 Ra1+ 49. Kd2 Ra2+ 50. Ke1 Ra1+ 51. Ke2 Ra2+ 52. Kf1
Ra1+ 53. Kg2 Ra2 54. Ra6 Rb2 55. Ra7+ Ke6 56. Ra6+ Ke7 57. Ra7+ Ke6 1/2-1/2

[Event "V Festival Terre degli Elimi A"]
[Site "Erice ITA"]
[Date "2014.07.24"]
[Round "8"]
[White "Corsino, Gianluca"]
[Black "Friesen, Boris"]
[WhiteElo "2110"]
[BlackElo "2076"]
[Result "0-1"]
[PlyCount "116"]
[EventDate "2014.07.19"]

1. d4 g6 2. e4 Bg7 3. c4 d6 4. Nc3 Nf6 5. Nf3 O-O 6. h3 e5 7. d5 Na6 8. Bg5 Qe8
9. Be2 Nd7 10. g4 Ndc5 11. Rg1 Kh8 12. Qd2 f6 13. Be3 Qe7 14. O-O-O Bd7 15. h4
Rf7 16. g5 f5 17. h5 Nxe4 18. Nxe4 fxe4 19. Nh4 gxh5 20. g6 Rf4 21. Ng2 Bf5 22.
Nxf4 exf4 23. Bd4 Bxd4 24. Qxd4+ Qe5 25. gxh7 Qxd4 26. Rxd4 f3 27. Bd1 Nb4 28.
Rg5 Rf8 29. Kd2 Nd3 30. Ke3 Ne5 31. Rxh5 Ng4+ 32. Kf4 Bd7+ 33. Kg3 Nf6 34. Rh6
Bf5 35. Bc2 Kg7 36. h8=Q+ Rxh8 37. Rxh8 Kxh8 38. Kf4 e3 39. Kxe3 Bxc2 40. Kxf3
Kg7 41. Rh4 Nd7 42. Rg4+ Kf7 43. Rh4 Bb1 44. a3 Ke7 45. Ke3 Ne5 46. Rf4 Ba2 47.
Rh4 b6 48. Rh7+ Kd8 49. f4 Nxc4+ 50. Kd4 a5 51. b3 Nxa3 52. f5 Bxb3 53. f6 Nb5+
54. Kd3 Bxd5 55. Rh5 c6 56. Rh8+ Kd7 57. Rh7+ Ke6 58. f7 Ke7 0-1

[Event "V Festival Terre degli Elimi A"]
[Site "Erice ITA"]
[Date "2014.07.24"]
[Round "8"]
[White "Di Misa, Salvatore"]
[Black "De Wachter, Matthias"]
[WhiteElo "1962"]
[BlackElo "2276"]
[Result "1-0"]
[PlyCount "51"]
[EventDate "2014.07.19"]

1. Nf3 Nf6 2. c4 c6 3. Nc3 d5 4. e3 g6 5. d4 Bg7 6. Be2 O-O 7. O-O Bg4 8. b3 a6
9. h3 Bxf3 10. Bxf3 e6 11. Ba3 Re8 12. Rc1 Nbd7 13. Bd6 Nb6 14. c5 Nbd7 15. Re1
e5 16. dxe5 Nxe5 17. e4 Nxf3+ 18. Qxf3 dxe4 19. Nxe4 Nd5 20. Bg3 Qa5 21. Re2
Rxe4 22. Rxe4 Bb2 23. Rc2 Qxa2 24. Kh2 Qb1 25. Rce2 Kg7 26. Rxb2 1-0

[Event "V Festival Terre degli Elimi A"]
[Site "Erice ITA"]
[Date "2014.07.24"]
[Round "8"]
[White "Dijkhuis, Tycho"]
[Black "Blom, Martijn"]
[WhiteElo "2321"]
[BlackElo "2020"]
[Result "1-0"]
[PlyCount "105"]
[EventDate "2014.07.19"]

1. e4 e6 2. d4 d5 3. Nc3 dxe4 4. Nxe4 Nf6 5. Bg5 Be7 6. Bxf6 Bxf6 7. Nf3 Be7 8.
Qd2 Nc6 9. O-O-O Qd5 10. Nc3 Qa5 11. Bb5 O-O 12. Rhe1 Bf6 13. Bxc6 bxc6 14. a3
Rd8 15. Ne4 Qxd2+ 16. Rxd2 Be7 17. Re3 Bb7 18. Rc3 c5 19. Re2 Bxe4 20. Rxe4
cxd4 21. Rxc7 Bf6 22. Ne5 Rac8 23. Rxc8 Rxc8 24. Kd2 Rd8 25. Kd3 Rd6 26. f4 Kf8
27. Rxd4 Bxe5 28. fxe5 Rb6 29. Rd8+ Ke7 30. Ra8 Rb7 31. b4 f6 32. c4 Rd7+ 33.
Ke4 Rb7 34. c5 Kd7 35. exf6 gxf6 36. Kd4 Kc6 37. Kc4 Re7 38. Rf8 f5 39. b5+ Kc7
40. c6 Kd6 41. a4 Rg7 42. a5 Rg4+ 43. Kc3 Rg7 44. Rd8+ Kc7 45. Ra8 Kd6 46. a6
e5 47. Rd8+ Kc5 48. Rd7 Rg8 49. Rb7 Rc8 50. c7 Kd6 51. b6 axb6 52. a7 Kd7 53.
Kd2 1-0

[Event "V Festival Terre degli Elimi A"]
[Site "Erice ITA"]
[Date "2014.07.24"]
[Round "8"]
[White "Fabiano, Giuseppe"]
[Black "Gueci, Laura"]
[WhiteElo "2053"]
[BlackElo "1968"]
[Result "1/2-1/2"]
[PlyCount "61"]
[EventDate "2014.07.19"]

1. Nf3 c5 2. c4 Nc6 3. d4 cxd4 4. Nxd4 g6 5. Nc3 Nf6 6. Nb3 Bg7 7. e4 O-O 8.
Be3 d6 9. f3 Be6 10. Rc1 a6 11. Be2 Ne5 12. Nd5 Bxd5 13. cxd5 Rc8 14. O-O Rxc1
15. Qxc1 b5 16. Qd2 Qb8 17. Na5 e6 18. Rc1 Rc8 19. dxe6 Rxc1+ 20. Qxc1 fxe6 21.
Nc6 Qb7 22. Nxe5 dxe5 23. Qc5 Nh5 24. g3 Nf6 25. Bf1 Kf7 26. Qd6 Ne8 27. Qc5
Nf6 28. Qxe5 Nd5 29. Qd6 Nxe3 30. Qf4+ Nf5 31. exf5 1/2-1/2

[Event "V Festival Terre degli Elimi A"]
[Site "Erice ITA"]
[Date "2014.07.24"]
[Round "8"]
[White "Favaloro, Andrea"]
[Black "Lewyk, Ihor"]
[WhiteElo "2008"]
[BlackElo "2069"]
[Result "1-0"]
[PlyCount "75"]
[EventDate "2014.07.19"]

1. e4 d5 2. exd5 Nf6 3. d4 Nxd5 4. c4 Nb6 5. Nf3 Bg4 6. Be2 Nc6 7. d5 Bxf3 8.
gxf3 Ne5 9. Qd4 Ng6 10. Be3 Qd7 11. Nc3 c6 12. O-O-O e5 13. dxe6 Qxd4 14. exf7+
Kxf7 15. Bxd4 c5 16. Be3 Ne5 17. b3 Be7 18. Ne4 Rac8 19. Nd6+ Bxd6 20. Rxd6 Ke7
21. Rhd1 Nf7 22. R6d2 Rhd8 23. Rxd8 Nxd8 24. Bg5+ Ke8 25. Bf1 Nf7 26. Re1+ Kf8
27. Be7+ Kg8 28. Bxc5 Ng5 29. Bxb6 axb6 30. f4 Nf3 31. Re7 b5 32. Rxb7 bxc4 33.
Bxc4+ Kh8 34. a4 Nxh2 35. a5 h5 36. a6 Ra8 37. a7 Kh7 38. Bd5 1-0

[Event "V Festival Terre degli Elimi A"]
[Site "Erice ITA"]
[Date "2014.07.24"]
[Round "8"]
[White "Guccione, Cristoforo"]
[Black "Mangelschots, Peter"]
[WhiteElo "1835"]
[BlackElo "2053"]
[Result "0-1"]
[PlyCount "56"]
[EventDate "2014.07.19"]

1. e4 e6 2. d4 d5 3. Nc3 Nc6 4. Nf3 Nf6 5. Bg5 Be7 6. e5 Ne4 7. Bxe7 Qxe7 8.
Nxe4 dxe4 9. Nd2 Nxd4 10. Nxe4 Nc6 11. c3 Nxe5 12. Qd4 f6 13. O-O-O Nc6 14. Bb5
Bd7 15. Qe3 Ne5 16. Be2 O-O 17. f4 Nf7 18. Nc5 Nd6 19. Bf3 Rab8 20. Rhe1 Rfe8
21. Bd5 Kh8 22. Bxe6 Bc6 23. Qh3 Qf8 24. Bd7 Rxe1 25. Rxe1 Nc4 26. Bxc6 bxc6
27. Nd7 Qd6 28. Kb1 Qd2 0-1

[Event "V Festival Terre degli Elimi A"]
[Site "Erice ITA"]
[Date "2014.07.24"]
[Round "8"]
[White "Iwanow, Anna"]
[Black "Warakomski, Tomasz"]
[WhiteElo "2210"]
[BlackElo "2501"]
[Result "1/2-1/2"]
[PlyCount "59"]
[EventDate "2014.07.19"]

1. e4 c5 2. Nf3 Nc6 3. d4 cxd4 4. Nxd4 g6 5. c4 Bg7 6. Be3 Nf6 7. Nc3 Ng4 8.
Qxg4 Nxd4 9. Qd1 Nc6 10. Rc1 d6 11. Be2 Be6 12. O-O O-O 13. f4 f5 14. Qd2 Qa5
15. exf5 gxf5 16. b3 Kh8 17. Bf3 Bg8 18. Rfd1 Rac8 19. Ne2 Qxd2 20. Rxd2 b6 21.
Ng3 Be6 22. Nh5 Bh6 23. Kf2 Bf7 24. Rcd1 Nd8 25. Rxd6 exd6 26. Bd4+ Kg8 27.
Nf6+ Kh8 28. Nh5+ Kg8 29. Nf6+ Kh8 30. Nh5+ 1/2-1/2

[Event "V Festival Terre degli Elimi A"]
[Site "Erice ITA"]
[Date "2014.07.24"]
[Round "8"]
[White "Lombardo, Corrado"]
[Black "Iannello, Andrea"]
[WhiteElo "1830"]
[BlackElo "1924"]
[Result "1/2-1/2"]
[PlyCount "40"]
[EventDate "2014.07.19"]

1. e4 c5 2. Nf3 d6 3. d4 cxd4 4. Nxd4 Nf6 5. Nc3 a6 6. Bc4 e6 7. Bb3 Nbd7 8.
O-O Nc5 9. f3 Be7 10. Be3 O-O 11. Qd2 Qc7 12. Rac1 b6 13. Na4 Nfd7 14. Qf2 Bb7
15. a3 Ne5 16. Nxc5 bxc5 17. Ne2 Bf6 18. Rcd1 Rfd8 19. Nf4 Ng6 20. Nxg6 hxg6
1/2-1/2

[Event "V Festival Terre degli Elimi A"]
[Site "Erice ITA"]
[Date "2014.07.24"]
[Round "8"]
[White "Manakova, Maria"]
[Black "Amato, Andrea"]
[WhiteElo "2273"]
[BlackElo "2350"]
[Result "1-0"]
[PlyCount "161"]
[EventDate "2014.07.19"]

1. e4 d6 2. d4 Nf6 3. Nc3 c6 4. g3 e5 5. Nge2 b5 6. Bg2 Bb7 7. d5 cxd5 8. Nxd5
Nxd5 9. exd5 Nd7 10. a4 b4 11. a5 Ba6 12. O-O Qc7 13. Re1 Be7 14. Bd2 Rb8 15.
Nc1 O-O 16. Ra4 Rfe8 17. Bh3 g6 18. Rxb4 Rxb4 19. Bxb4 f5 20. c3 Nf6 21. b3 Qb7
22. Bg2 e4 23. Qd2 Qxd5 24. Rd1 Qxd2 25. Rxd2 Kf7 26. Bf1 Bxf1 27. Kxf1 Ke6 28.
Ne2 Nd5 29. Ba3 Bg5 30. Rc2 Bf6 31. c4 Ne7 32. b4 g5 33. b5 Be5 34. b6 axb6 35.
axb6 Rb8 36. c5 dxc5 37. Bxc5 Nd5 38. Bd4 Kd6 39. Bc5+ Ke6 40. Bd4 Bd6 41. Rb2
Rb7 42. h3 f4 43. gxf4 gxf4 44. f3 exf3 45. Ng1 Be5 46. Nxf3 Bxd4 47. Nxd4+ Ke5
48. Nf3+ Kd6 49. Kf2 h5 50. Nd4 Ke5 51. Nf3+ Ke4 52. Nd2+ Kd3 53. Nf3 Rxb6 54.
Rd2+ Ke4 55. Rd4+ Kf5 56. Rxd5+ Kg6 57. Nd2 Rc6 58. Rd3 Kf5 59. Kf3 Re6 60. Nb3
Re5 61. Nd4+ Kg5 62. Ne2 Kh4 63. Nxf4 Rg5 64. Kf2 Rf5 65. Rf3 Ra5 66. Ng2+ Kg5
67. Kg3 Ra2 68. Rb3 Ra5 69. h4+ Kf5 70. Nf4 Ke4 71. Rb4+ Ke3 72. Ng2+ Ke2 73.
Re4+ Kd3 74. Kf4 Ra2 75. Ne1+ Kc3 76. Nf3 Kd3 77. Re3+ Kc4 78. Re5 Kd3 79. Rd5+
Ke2 80. Rd2+ Kf1 81. Nh2+ 1-0

[Event "V Festival Terre degli Elimi A"]
[Site "Erice ITA"]
[Date "2014.08.24"]
[Round "8"]
[White "Mantovani, Renzo"]
[Black "Gueci, Tea"]
[WhiteElo "2349"]
[BlackElo "2089"]
[Result "0-1"]
[PlyCount "124"]
[EventDate "2014.07.19"]

1. e4 g6 2. d4 Bg7 3. c4 d6 4. Nc3 Nf6 5. f3 O-O 6. Bg5 Nc6 7. Qd2 a6 8. Nge2
Bd7 9. d5 Ne5 10. Nc1 Ne8 11. Be2 f5 12. O-O c5 13. f4 Nf7 14. Bh4 Nf6 15. Bd3
fxe4 16. Nxe4 b5 17. Nxf6+ Bxf6 18. Bxf6 exf6 19. Ne2 f5 20. Rfe1 b4 21. Kh1
Nh6 22. Ng1 Qf6 23. Nf3 Nf7 24. a3 a5 25. h3 Rfb8 26. Re2 a4 27. Rae1 Kf8 28.
Re6 Bxe6 29. dxe6 bxa3 30. exf7 axb2 31. Ng5 Kg7 32. Bb1 a3 33. Ba2 h6 34. Ne6+
Kxf7 35. Qxd6 Kg8 36. Qd5 Qf7 37. Qe5 Re8 38. Qd6 Rad8 39. Qc6 Rd7 40. Re5 Rde7
41. Nxc5 Rxe5 42. fxe5 Rxe5 43. Nd3 Re3 44. Qa8+ Kh7 45. Qxa3 f4 46. Bb1 Qb7
47. Qxb2 Qxb2 48. Nxb2 Re1+ 49. Kh2 Rxb1 50. Nd3 g5 51. h4 Rb3 52. Nc5 Rc3 53.
hxg5 hxg5 54. Ne4 Rxc4 55. Nxg5+ Kg6 56. Nf3 Kf5 57. Kg1 Rc1+ 58. Kh2 Ke4 59.
Ng5+ Ke3 60. Nh3 Rc5 61. Kg1 Ra5 62. Kh2 Rh5 0-1